[Event "Dubai op-B 23rd"]
[Site "Dubai"]
[Date "2023.05.29"]
[Round "3"]
[White "Ammar, Sedrani"]
[Black "Arellano, Bryle"]
[Result "1-0"]
[WhiteElo "2197"]
[BlackElo "2042"]
[PlyCount "155"]
[EventDate "2023.05.27"]
[EventType "swiss"]
[EventRounds "9"]
[EventCountry "UAE"]
[SourceTitle "CBM 214 Extra"]
[Source "ChessBase"]
[SourceDate "2023.07.31"]
[SourceVersion "1"]
[SourceVersionDate "2023.07.31"]
[SourceQuality "1"]

1. d4 c5 2. d5 e5 3. e4 Nf6 4. Nc3 d6 5. Bb5+ Nbd7 6. a4 a6 7. Be2 Qa5 8. Bd2 Be7 9. Nf3 0-0 10. 0-0 Qb4 11. Ng5 Qb6 12. Bc1 Qd8 13. Nf3 Ne8 14. Nd2 Bg5 15. Nc4 b6 16. g3 h6 17. Kg2 Rb8 18. Be3 Qe7 19. Bxg5 hxg5 20. Rh1 Ndf6 21. Ne3 Qd7 22. g4 g6 23. h4 gxh4 24. Rxh4 Nh7 25. Rh6 Kg7 26. Qh1 Rh8 27. Qh4 g5 28. Qh3 Qd8 29. Rh1 Nef6 30. Nb1 b5 31. axb5 axb5 32. Nd2 Bd7 33. Ndf1 Ra8 34. Ng3 Kf8 35. f3 Ra2 36. b3 Ke7 37. Rxf6 Kxf6 38. Qh6+ Ke7 39. Ngf5+ Bxf5 40. Nxf5+ Kd7 41. Qxd6+ Kc8 42. Qxc5+ Qc7 43. Nd6+ Kd8 44. Qxc7+ Kxc7 45. Nxf7 Rha8 46. d6+ Kc6 47. d7 Kxd7 48. Bxb5+ Ke7 49. Rxh7 Rxc2+ 50. Kg3 Kf6 51. Nd6 Ra1 52. Rh6+ Ke7 53. Nf5+ Kd8 54. Rh2 Rg1+ 55. Kh3 Rc3 56. Rd2+ Kc7 57. Kh2 Rb1 58. Bc4 Rxf3 59. Ng7 Kb6 60. Ne6 Rf6 61. Rd6+ Ka5 62. Rd5+ Kb4 63. Rxe5 Kc3 64. Rxg5 Kd2 65. Rf5 Rh6+ 66. Kg3 Rg1+ 67. Kf4 Rh4 68. Rg5 Kc3 69. Kf5 Rg2 70. Rg8 Rh3 71. g5 Rf3+ 72. Ke5 Rg1 73. g6 Rfg3 74. g7 Rg6 75. Bd5 Kb4 76. Rb8+ Ka5 77. b4+ Ka4 78. g8Q 1-0

[Event "UAE National Day 51st"]
[Site "Sharjah"]
[Date "2022.12.04"]
[Round "7"]
[White "Miladinovic, Igor"]
[Black "Arellano, Bryle"]
[Result "1-0"]
[WhiteElo "2507"]
[BlackElo "2144"]
[PlyCount "93"]
[EventDate "2022.12.03"]
[EventType "swiss (rapid)"]
[EventRounds "10"]
[EventCountry "UAE"]
[SourceTitle "CBM 211 Extra"]
[Source "ChessBase"]
[SourceDate "2023.01.31"]
[SourceVersion "1"]
[SourceVersionDate "2023.01.31"]
[SourceQuality "1"]

1. d4 c5 2. d5 Nf6 3. Nc3 d6 4. e4 g6 5. Bb5+ Nbd7 6. a4 Bg7 7. Nf3 0-0 8. Be2 Nb8 9. Nd2 Nfd7 10. 0-0 Na6 11. Nc4 Ne5 12. Ne3 Nc7 13. f4 Nd7 14. Kh1 b6 15. Nc4 Rb8 16. Nb5 a6 17. Na7 Bb7 18. Nc6 Bxc6 19. dxc6 Nf6 20. Bf3 d5 21. exd5 Ncxd5 22. Ne5 e6 23. Qe2 Qc8 24. g4 Rd8 25. Ra3 Ne8 26. Nd7 Ra8 27. c4 Qxc6 28. Ne5 Qb7 29. f5 Bxe5 30. fxe6 f6 31. g5 Qe7 32. gxf6 Bxf6 33. Bxd5 Rab8 34. Raf3 b5 35. Bg5 Rxd5 36. cxd5 Bxg5 37. Rf8+ Qxf8 38. Rxf8+ Kxf8 39. Qe5 Rd8 40. Qxg5 Rd6 41. Qf4+ Ke7 42. Qf7+ Kd8 43. Qb7 Nf6 44. Qb8+ Ke7 45. Qc7+ Nd7 46. exd7 Rxd7 47. Qxc5+ 1-0

[Event "Chiang Mai op 20th"]
[Site "Chiangmai"]
[Date "2022.10.23"]
[Round "2"]
[White "Short, Nigel D"]
[Black "Arellano, Bryle"]
[Result "1-0"]
[WhiteElo "2610"]
[BlackElo "2136"]
[PlyCount "47"]
[EventDate "2022.10.22"]
[EventType "swiss"]
[EventRounds "9"]
[EventCountry "THA"]
[SourceTitle "EXT 2024"]
[Source "ChessBase"]
[SourceDate "2023.10.10"]
[SourceVersion "1"]
[SourceVersionDate "2023.10.10"]
[SourceQuality "1"]

1. e4 c6 2. d4 d5 3. e5 Bf5 4. g4 Be4 5. f3 Bg6 6. Ne2 e6 7. Be3 Qb6 8. Nbc3 h5 9. Qd2 hxg4 10. fxg4 Nd7 11. 0-0-0 Bb4 12. a3 Bxc3 13. Nxc3 Ne7 14. h4 a6 15. h5 0-0-0 16. Be2 Bh7 17. Rdf1 Bg8 18. Na4 Qc7 19. Bg5 Re8 20. Qb4 c5 21. Nxc5 Nc6 22. Nxa6 Qb6 23. Qxb6 Nxb6 24. Bb5 1-0